000 00308 a2200145 4500
001 44930
020 _a
040 _cAnchieta - Aquarius
240 1 0 _a#João e o pé de feijão
_lpor
245 1 0 _a#João e o pé de feijão
300 _a16
362 0 _a0
650 4 _aLiteratura infantil
942 _cBK
999 _c44930
_d44930